000 00437nam a2200121Ia 4500
008 231129s2007||||xx |||||||||||||| ||spa||
040 _bspa
082 _a364.15 T776t
245 0 _aTrato contra la trata : baúl de útiles para la multiplicación de temas claves
260 _c2007
264 _aBogotá Colombia : Ministerio del Interior y de Justicia : OIM. Organización Internacional para las Migraciones 2007
942 _2ddc
_cBKS
999 _c25643
_d25643